Modern probability theory and its applications

The motion of probability, and consequently the mathematical theory of probability, has in recent years become of interest to many scientists and engineers.

Spremljeno u:
Bibliografski detalji
Glavni autor: Parzen, Emanuel
Format: Knjiga
Jezik:Undetermined
Teme:
Oznake: Dodaj oznaku
Bez oznaka, Budi prvi tko označuje ovaj zapis!
Thư viện lưu trữ: Trung tâm Học liệu Trường Đại học Cần Thơ
LEADER 00555nam a2200133Ia 4500
001 CTU_1439
008 210402s9999 xx 000 0 und d
100 |a Parzen, Emanuel 
245 0 |a Modern probability theory and its applications 
245 0 |c Emanuel Parzen 
520 |a The motion of probability, and consequently the mathematical theory of probability, has in recent years become of interest to many scientists and engineers. 
650 |a Probabilities,Xác suất 
904 |i Minh, Hải 
980 |a Trung tâm Học liệu Trường Đại học Cần Thơ